Civil War / (Record no. 495)

MARC details
000 -LEADER
fixed length control field 01040pam a2200301 a 4500
003 - CONTROL NUMBER IDENTIFIER
control field data
005 - DATE AND TIME OF LATEST TRANSACTION
control field 20260322212022.0
008 - FIXED-LENGTH DATA ELEMENTS--GENERAL INFORMATION
fixed length control field data
010 ## - LIBRARY OF CONGRESS CONTROL NUMBER
LC control number 00020431
020 ## - INTERNATIONAL STANDARD BOOK NUMBER
International Standard Book Number 078946988X (lib.)
020 ## - INTERNATIONAL STANDARD BOOK NUMBER
International Standard Book Number 0789463024
020 ## - INTERNATIONAL STANDARD BOOK NUMBER
International Standard Book Number 9780789463029
020 ## - INTERNATIONAL STANDARD BOOK NUMBER
International Standard Book Number 9780789469885 (lib.)
040 ## - CATALOGING SOURCE
Original cataloging agency DLC
Transcribing agency DLC
Modifying agency OUN
-- OUN
043 ## - GEOGRAPHIC AREA CODE
Geographic area code n-us---
050 00 - LIBRARY OF CONGRESS CALL NUMBER
Classification number E468
Item number .S795 2000
092 ## - LOCALLY ASSIGNED DEWEY CALL NUMBER (OCLC)
Classification number 973.7 S795 2000
001 - CONTROL NUMBER
control field data
100 1# - MAIN ENTRY--PERSONAL NAME
Personal name Stanchak, John E.
245 10 - TITLE STATEMENT
Title Civil War /
Statement of responsibility, etc. John E. Stanchak.
250 ## - EDITION STATEMENT
Edition statement 1st American ed.
260 ## - PUBLICATION, DISTRIBUTION, ETC.
Place of publication, distribution, etc. New York :
Name of publisher, distributor, etc. Dorling Kindersley Pub.,
Date of publication, distribution, etc. c2000.
300 ## - PHYSICAL DESCRIPTION
Extent 64 p. :
Other physical details ill. (some col.), 1 col. map ;
Dimensions 29 cm.
440 #0 - SERIES STATEMENT/ADDED ENTRY--TITLE
Title DK eyewitness books.
500 ## - GENERAL NOTE
General note Includes index.
520 ## - SUMMARY, ETC.
Summary, etc. Examines many aspects of the Civil War, including the issue of slavery, secession, the raising of armies, individual battles, the commanders, Northern life, Confederate culture, the surrender of the South, and the aftermath.
651 #0 - SUBJECT ADDED ENTRY--GEOGRAPHIC NAME
Geographic name United States
General subdivision History
Chronological subdivision Civil War, 1861-1865
Form subdivision Juvenile literature.
Holdings
Withdrawn status Lost status Damaged status Not for loan Home library Current library Shelving location Date acquired Total checkouts Full call number Barcode Date last seen Price effective from Koha item type
        Midway Midway General stacks 22/03/2026   E468 .S795 2000 BC0010506 22/03/2026 22/03/2026 Books